Valuation and investment appraisal

Bibliographic Details
Other Authors: Darlow, Clive
Format: Book
Published: London : The estates Gazette , 1983
Subjects:

MARC

LEADER 00000cam a2200000 7i4500
001 0000001315
005 20220614.0
040 |a INS 
090 0 0 |a HD1388   |b O213 1983 
245 1 0 |a Valuation and investment appraisal   |c edited by Clive Darlow 
260 |a London :   |b The estates Gazette ,   |c 1983 
300 |a 467p. :   |b ill. ;   |c 21 cm. 
650 0 0 |a Economic   |x valuation 
700 1 |a Darlow, Clive 
999 |a 0000001387   |b BOOK   |c Open Shelf   |e Default branch 
999 |a 0000021770   |b BOOK   |c Open Shelf   |e Default branch 
999 |a 0000021771   |b BOOK   |c Open Shelf   |e Default branch 
999 |a 1000000768   |b BOOK   |c Open Shelf   |e Default branch